000 00531nam a2200169Ia 4500
003 GCL
008 140319s9999 xx 000 0 ara d
040 _aGCL /
_cGCL
082 0 4 _aق
_b962
_bى ت
100 1 _aيوسف اصاف
245 1 0 _aتاريخ سلاطين بنى عثمان من اول نشاتهم حتى الان /
_cيوسف اصاف
300 _a144 ص
490 _aصفحات من تاريخ مصر
_v0
650 0 4 _aمصر
650 0 4 _aالامبراطورية العثمانية - مصر
942 _2ddc
_cBK
999 _c38921
_d38921